000 00279 a2200121 4500
000 nam a22 7a 4500
005 20260209100613.0
020 _a9789360869847
100 _aNirmal Verma
_91114429
245 _aParinde
260 _bRajkamal Prakashan
_c2024
942 _cTEXL
999 _c1678969
_d1678969